[Event "World Cup 2023"]
[Site "Baku, Azerbaijan"]
[Date "2023.08.02"]
[Round "11.24"]
[White "Bacrot Etienne (FRA)"]
[Black "Indjic Aleksandar (SRB)"]
[Result "1/2-1/2"]
[WhiteFideId "605506"]
[BlackFideId "911925"]
[WhiteElo "2662"]
[BlackElo "2619"]

1. e4 {[%clk 01:30:57]} {[%emt 00:00:01]} e5 {[%clk 01:30:28]} {[%emt
00:00:33]} 2. Nf3 {[%clk 01:31:20]} {[%emt 00:00:07]} Nf6 {[%clk 01:30:45]}
{[%emt 00:00:13]} 3. Nxe5 {[%clk 01:31:10]} {[%emt 00:00:41]} d6 {[%clk
01:29:55]} {[%emt 00:01:20]} 4. Nf3 {[%clk 01:31:31]} {[%emt 00:00:08]} Nxe4
{[%clk 01:30:18]} {[%emt 00:00:08]} 5. Nc3 {[%clk 01:30:38]} {[%emt 00:01:22]}
Nf6 {[%clk 01:29:49]} {[%emt 00:00:59]} 6. d4 {[%clk 01:30:02]} {[%emt
00:01:06]} g6 {[%clk 01:27:17]} {[%emt 00:03:03]} 7. Qe2+ {[%clk 01:24:18]}
{[%emt 00:06:13]} Qe7 {[%clk 01:26:22]} {[%emt 00:01:25]} 8. Qxe7+ {[%clk
01:22:56]} {[%emt 00:01:52]} Bxe7 {[%clk 01:26:44]} {[%emt 00:00:08]} 9. Bf4
{[%clk 01:20:50]} {[%emt 00:02:36]} a6 {[%clk 01:20:52]} {[%emt 00:06:22]} 10.
O-O-O {[%clk 01:17:37]} {[%emt 00:03:43]} b5 {[%clk 01:20:42]} {[%emt
00:00:41]} 11. Bd3 {[%clk 01:15:41]} {[%emt 00:02:25]} O-O {[%clk 01:00:33]}
{[%emt 00:20:38]} 12. Rhe1 {[%clk 01:11:23]} {[%emt 00:04:48]} Re8 {[%clk
01:00:18]} {[%emt 00:00:46]} 13. Re2 {[%clk 00:51:09]} {[%emt 01:20:55]} Bd8
{[%clk 00:58:39]} {[%emt 00:02:08]} 14. Rxe8+ {[%clk 00:48:26]} {[%emt
00:03:14]} Nxe8 {[%clk 00:59:01]} {[%emt 00:00:07]} 15. Re1 {[%clk 00:48:33]}
{[%emt 00:00:23]} Nf6 {[%clk 00:59:02]} {[%emt 00:00:28]} 16. a4 {[%clk
00:37:24]} {[%emt 00:11:39]} b4 {[%clk 00:58:27]} {[%emt 00:01:05]} 17. Ne4
{[%clk 00:37:21]} {[%emt 00:00:33]} Nbd7 {[%clk 00:57:06]} {[%emt 00:01:51]} 18.
Bd2 {[%clk 00:25:04]} {[%emt 00:12:47]} a5 {[%clk 00:52:25]} {[%emt 00:05:11]}
19. Bb5 {[%clk 00:24:24]} {[%emt 00:01:10]} Nxe4 {[%clk 00:46:21]} {[%emt
00:06:33]} 20. Rxe4 {[%clk 00:24:51]} {[%emt 00:00:03]} Nf6 {[%clk 00:46:42]}
{[%emt 00:00:09]} 21. Re2 {[%clk 00:25:17]} {[%emt 00:00:04]} Bd7 {[%clk
00:45:41]} {[%emt 00:01:30]} 22. Bh6 {[%clk 00:18:20]} {[%emt 00:07:28]} c6
{[%clk 00:44:03]} {[%emt 00:02:08]} 23. Bc4 {[%clk 00:18:36]} {[%emt 00:00:14]}
Nd5 {[%clk 00:44:12]} {[%emt 00:00:21]} 24. Bb3 {[%clk 00:17:04]} {[%emt
00:02:02]} Bf6 {[%clk 00:44:01]} {[%emt 00:00:40]} 25. Bxd5 {[%clk 00:12:03]}
{[%emt 00:05:32]} cxd5 {[%clk 00:44:01]} {[%emt 00:00:29]} 26. b3 {[%clk
00:12:27]} {[%emt 00:00:06]} Bg4 {[%clk 00:40:36]} {[%emt 00:03:55]} 27. h3
{[%clk 00:11:42]} {[%emt 00:01:16]} Bxf3 {[%clk 00:39:41]} {[%emt 00:01:24]} 28.
gxf3 {[%clk 00:12:10]} {[%emt 00:00:02]} Bxd4 {[%clk 00:40:01]} {[%emt
00:00:11]} 29. Rd2 {[%clk 00:11:04]} {[%emt 00:01:36]} Bg7 {[%clk 00:39:27]}
{[%emt 00:01:04]} 30. Bxg7 {[%clk 00:09:32]} {[%emt 00:02:02]} Kxg7 {[%clk
00:39:51]} {[%emt 00:00:06]} 31. Rxd5 {[%clk 00:09:58]} {[%emt 00:00:04]} Ra6
{[%clk 00:40:15]} {[%emt 00:00:06]} 32. Kd2 {[%clk 00:09:00]} {[%emt 00:01:29]}
f5 {[%clk 00:37:15]} {[%emt 00:03:29]} 33. c3 {[%clk 00:03:47]} {[%emt
00:05:42]} bxc3+ {[%clk 00:37:12]} {[%emt 00:00:34]} 34. Kxc3 {[%clk 00:04:15]}
{[%emt 00:00:02]} Kh6 {[%clk 00:37:27]} {[%emt 00:00:15]} 35. Kc4 {[%clk
00:02:39]} {[%emt 00:02:07]} Rc6+ {[%clk 00:28:22]} {[%emt 00:09:34]} 36. Kd4
{[%clk 00:02:12]} {[%emt 00:00:58]} Ra6 {[%clk 00:28:44]} {[%emt 00:00:07]} 37.
Kc4 {[%clk 00:02:38]} {[%emt 00:00:04]} Rc6+ {[%clk 00:29:09]} {[%emt
00:00:05]} 1/2-1/2

[Event "World Cup 2023"]
[Site "Baku, Azerbaijan"]
[Date "2023.08.02"]
[Round "11.25"]
[White "Leiva Gianmarco (PER)"]
[Black "Salem A.R. Saleh (UAE)"]
[Result "1/2-1/2"]
[WhiteFideId "3804399"]
[BlackFideId "9301348"]
[WhiteElo "2374"]
[BlackElo "2661"]

1. Nf3 {[%clk 01:30:50]} {[%emt 00:00:09]} Nf6 {[%clk 01:30:45]} {[%emt
00:00:15]} 2. c4 {[%clk 01:31:13]} {[%emt 00:00:07]} c5 {[%clk 01:30:42]}
{[%emt 00:00:31]} 3. Nc3 {[%clk 01:31:22]} {[%emt 00:00:22]} e6 {[%clk
01:30:01]} {[%emt 00:01:12]} 4. g3 {[%clk 01:31:12]} {[%emt 00:00:40]} d5
{[%clk 01:29:28]} {[%emt 00:01:03]} 5. cxd5 {[%clk 01:30:42]} {[%emt 00:01:00]}
exd5 {[%clk 01:29:52]} {[%emt 00:00:07]} 6. d4 {[%clk 01:30:28]} {[%emt
00:00:43]} Nc6 {[%clk 01:23:50]} {[%emt 00:06:32]} 7. Bg2 {[%clk 01:29:09]}
{[%emt 00:01:49]} cxd4 {[%clk 01:22:09]} {[%emt 00:02:11]} 8. Nxd4 {[%clk
01:29:25]} {[%emt 00:00:13]} Bc5 {[%clk 01:22:34]} {[%emt 00:00:06]} 9. Nb3
{[%clk 01:22:40]} {[%emt 00:07:15]} Bb6 {[%clk 01:21:38]} {[%emt 00:01:27]} 10.
O-O {[%clk 01:16:51]} {[%emt 00:06:14]} d4 {[%clk 01:20:51]} {[%emt 00:01:21]}
11. Na4 {[%clk 01:16:27]} {[%emt 00:00:53]} O-O {[%clk 01:20:52]} {[%emt
00:00:30]} 12. Bg5 {[%clk 01:09:56]} {[%emt 00:06:59]} Re8 {[%clk 01:12:33]}
{[%emt 00:08:51]} 13. Nxb6 {[%clk 00:39:19]} {[%emt 01:31:18]} axb6 {[%clk
01:12:27]} {[%emt 00:00:36]} 14. Re1 {[%clk 00:39:25]} {[%emt 00:00:24]} Be6
{[%clk 00:59:25]} {[%emt 00:13:32]} 15. Bxc6 {[%clk 00:23:52]} {[%emt
00:16:03]} Bxb3 {[%clk 00:59:05]} {[%emt 00:00:51]} 16. Qxb3 {[%clk 00:23:11]}
{[%emt 00:01:10]} bxc6 {[%clk 00:59:27]} {[%emt 00:00:07]} 17. e3 {[%clk
00:23:34]} {[%emt 00:00:08]} dxe3 {[%clk 00:43:52]} {[%emt 00:16:06]} 18. Rxe3
{[%clk 00:23:07]} {[%emt 00:00:56]} Rxe3 {[%clk 00:44:15]} {[%emt 00:00:08]} 19.
Qxe3 {[%clk 00:23:32]} {[%emt 00:00:05]} b5 {[%clk 00:43:28]} {[%emt 00:01:16]}
20. Qc3 {[%clk 00:16:46]} {[%emt 00:07:13]} Ne4 {[%clk 00:39:08]} {[%emt
00:04:53]} 21. Bxd8 {[%clk 00:17:02]} {[%emt 00:00:14]} Nxc3 {[%clk 00:39:33]}
{[%emt 00:00:05]} 22. bxc3 {[%clk 00:17:17]} {[%emt 00:00:15]} Rxd8 {[%clk
00:39:59]} {[%emt 00:00:04]} 23. Kf1 {[%clk 00:10:51]} {[%emt 00:06:56]} Ra8
{[%clk 00:36:47]} {[%emt 00:03:42]} 24. Ke2 {[%clk 00:10:45]} {[%emt 00:00:35]}
g5 {[%clk 00:35:48]} {[%emt 00:01:30]} 25. Kd3 {[%clk 00:09:54]} {[%emt
00:01:22]} Kg7 {[%clk 00:33:57]} {[%emt 00:02:21]} 26. Kc2 {[%clk 00:09:33]}
{[%emt 00:00:50]} Re8 {[%clk 00:25:20]} {[%emt 00:09:07]} 27. Kd3 {[%clk
00:09:56]} {[%emt 00:00:07]} Rd8+ {[%clk 00:25:21]} {[%emt 00:00:29]} 28. Kc2
{[%clk 00:10:17]} {[%emt 00:00:09]} Rd6 {[%clk 00:24:28]} {[%emt 00:01:23]} 29.
a4 {[%clk 00:07:32]} {[%emt 00:03:15]} bxa4 {[%clk 00:24:14]} {[%emt 00:00:44]}
30. Rxa4 {[%clk 00:07:57]} {[%emt 00:00:05]} Rf6 {[%clk 00:23:55]} {[%emt
00:00:50]} 31. f4 {[%clk 00:08:10]} {[%emt 00:00:16]} gxf4 {[%clk 00:23:54]}
{[%emt 00:00:31]} 32. gxf4 {[%clk 00:08:39]} {[%emt 00:00:01]} Rh6 {[%clk
00:24:14]} {[%emt 00:00:11]} 33. Rc4 {[%clk 00:07:46]} {[%emt 00:01:23]} Rxh2+
{[%clk 00:23:30]} {[%emt 00:01:13]} 34. Kd3 {[%clk 00:08:10]} {[%emt 00:00:06]}
Rh6 {[%clk 00:22:30]} {[%emt 00:01:31]} 35. Ke4 {[%clk 00:08:21]} {[%emt
00:00:18]} Rg6 {[%clk 00:17:07]} {[%emt 00:05:52]} 36. Rc5 {[%clk 00:08:14]}
{[%emt 00:00:38]} h6 {[%clk 00:14:51]} {[%emt 00:02:47]} 37. c4 {[%clk
00:06:37]} {[%emt 00:02:06]} Re6+ {[%clk 00:14:48]} {[%emt 00:00:33]} 38. Kf5
{[%clk 00:06:45]} {[%emt 00:00:22]} Rd6 {[%clk 00:12:56]} {[%emt 00:02:22]} 39.
Ra5 {[%clk 00:03:04]} {[%emt 00:04:11]} Rg6 {[%clk 00:10:40]} {[%emt 00:02:45]}
40. Ke4 {[%clk 00:03:15]} {[%emt 00:00:19]} Rf6 {[%clk 00:09:44]} {[%emt
00:01:26]} 41. Kf3 {[%clk 00:27:00]} {[%emt 00:06:45]} Re6 {[%clk 00:36:23]}
{[%emt 00:03:51]} 42. Kg4 {[%clk 00:26:25]} {[%emt 00:01:03]} Rd6 {[%clk
00:36:15]} {[%emt 00:00:40]} 43. Kf5 {[%clk 00:22:35]} {[%emt 00:04:19]} Rf6+
{[%clk 00:36:37]} {[%emt 00:00:09]} 44. Kg4 {[%clk 00:22:54]} {[%emt 00:00:11]}
Kh7 {[%clk 00:32:49]} {[%emt 00:04:18]} 45. Ra8 {[%clk 00:11:49]} {[%emt
00:11:35]} Rg6+ {[%clk 00:28:48]} {[%emt 00:04:31]} 46. Kh5 {[%clk 00:11:22]}
{[%emt 00:00:57]} Kg7 {[%clk 00:27:28]} {[%emt 00:01:50]} 47. Rc8 {[%clk
00:11:35]} {[%emt 00:00:17]} Re6 {[%clk 00:22:46]} {[%emt 00:05:10]} 48. Rc7
{[%clk 00:11:21]} {[%emt 00:00:46]} Rf6 {[%clk 00:22:40]} {[%emt 00:00:36]} 49.
Kg4 {[%clk 00:11:23]} {[%emt 00:00:28]} Kg6 {[%clk 00:17:20]} {[%emt 00:05:50]}
50. f5+ {[%clk 00:10:47]} {[%emt 00:01:05]} Rxf5 {[%clk 00:14:40]} {[%emt
00:03:11]} 51. Rxc6+ {[%clk 00:10:57]} {[%emt 00:00:21]} f6 {[%clk 00:14:36]}
{[%emt 00:00:33]} 52. Rc8 {[%clk 00:09:51]} {[%emt 00:01:35]} h5+ {[%clk
00:15:01]} {[%emt 00:00:06]} 53. Kg3 {[%clk 00:10:12]} {[%emt 00:00:08]} Kf7
{[%clk 00:11:35]} {[%emt 00:03:57]} 54. Kh4 {[%clk 00:08:34]} {[%emt 00:02:08]}
Ke6 {[%clk 00:09:50]} {[%emt 00:02:14]} 55. Rh8 {[%clk 00:07:50]} {[%emt
00:01:14]} Rf4+ {[%clk 00:09:51]} {[%emt 00:00:30]} 56. Kh3 {[%clk 00:06:23]}
{[%emt 00:01:56]} Rf3+ {[%clk 00:09:25]} {[%emt 00:00:57]} 57. Kh4 {[%clk
00:05:39]} {[%emt 00:01:14]} Rf4+ {[%clk 00:07:37]} {[%emt 00:02:18]} 58. Kh3
{[%clk 00:05:50]} {[%emt 00:00:18]} Rf3+ {[%clk 00:08:03]} {[%emt 00:00:04]} 59.
Kh4 {[%clk 00:05:37]} {[%emt 00:00:43]} Ke5 {[%clk 00:07:32]} {[%emt 00:01:02]}
60. Re8+ {[%clk 00:02:43]} {[%emt 00:03:24]} Kf5 {[%clk 00:06:09]} {[%emt
00:01:52]} 61. c5 {[%clk 00:02:00]} {[%emt 00:01:14]} Rc3 {[%clk 00:04:41]}
{[%emt 00:01:58]} 62. Rc8 {[%clk 00:02:06]} {[%emt 00:00:23]} Rc2 {[%clk
00:03:02]} {[%emt 00:02:09]} 63. c6 {[%clk 00:02:12]} {[%emt 00:00:25]} Rc1
{[%clk 00:03:22]} {[%emt 00:00:09]} 64. Kg3 {[%clk 00:02:08]} {[%emt 00:00:34]}
Rc3+ {[%clk 00:02:02]} {[%emt 00:01:51]} 65. Kg2 {[%clk 00:02:31]} {[%emt
00:00:06]} Kf4 {[%clk 00:01:07]} {[%emt 00:01:25]} 66. c7 {[%clk 00:01:59]}
{[%emt 00:01:03]} Rc2+ {[%clk 00:01:27]} {[%emt 00:00:11]} 67. Kg1 {[%clk
00:00:37]} {[%emt 00:01:51]} f5 {[%clk 00:01:34]} {[%emt 00:00:23]} 68. Rh8
{[%clk 00:00:32]} {[%emt 00:00:35]} Rxc7 {[%clk 00:01:59]} {[%emt 00:00:05]} 69.
Rxh5 {[%clk 00:00:41]} {[%emt 00:00:20]} Kg4 {[%clk 00:01:55]} {[%emt
00:00:34]} 70. Rh8 {[%clk 00:00:56]} {[%emt 00:00:15]} f4 {[%clk 00:02:14]}
{[%emt 00:00:12]} 71. Kf2 {[%clk 00:01:01]} {[%emt 00:00:26]} Rc2+ {[%clk
00:02:35]} {[%emt 00:00:09]} 72. Kf1 {[%clk 00:00:32]} {[%emt 00:00:59]} Kg3
{[%clk 00:02:59]} {[%emt 00:00:06]} 73. Rf8 {[%clk 00:00:34]} {[%emt 00:00:27]}
Kf3 {[%clk 00:02:56]} {[%emt 00:00:33]} 74. Kg1 {[%clk 00:00:45]} {[%emt
00:00:20]} Rg2+ {[%clk 00:02:55]} {[%emt 00:00:31]} 75. Kf1 {[%clk 00:01:05]}
{[%emt 00:00:10]} Ra2 {[%clk 00:03:20]} {[%emt 00:00:07]} 76. Kg1 {[%clk
00:01:28]} {[%emt 00:00:04]} Ra1+ {[%clk 00:03:42]} {[%emt 00:00:09]} 77. Kh2
{[%clk 00:01:55]} {[%emt 00:00:03]} Re1 {[%clk 00:03:15]} {[%emt 00:00:56]} 78.
Rf7 {[%clk 00:02:19]} {[%emt 00:00:06]} Re4 {[%clk 00:02:27]} {[%emt 00:01:19]}
79. Kg1 {[%clk 00:01:21]} {[%emt 00:01:28]} Re8 {[%clk 00:01:51]} {[%emt
00:01:04]} 80. Kf1 {[%clk 00:00:49]} {[%emt 00:01:03]} Rb8 {[%clk 00:02:16]}
{[%emt 00:00:05]} 81. Kg1 {[%clk 00:01:13]} {[%emt 00:00:07]} Rb1+ {[%clk
00:02:18]} {[%emt 00:00:28]} 82. Kh2 {[%clk 00:01:40]} {[%emt 00:00:03]} Rc1
{[%clk 00:02:11]} {[%emt 00:00:37]} 83. Rf8 {[%clk 00:02:02]} {[%emt 00:00:08]}
Rd1 {[%clk 00:02:35]} {[%emt 00:00:06]} 84. Rf7 {[%clk 00:02:20]} {[%emt
00:00:11]} Re1 {[%clk 00:02:49]} {[%emt 00:00:17]} 85. Rf8 {[%clk 00:02:34]}
{[%emt 00:00:16]} Rf1 {[%clk 00:03:01]} {[%emt 00:00:17]} 86. Ra8 {[%clk
00:02:56]} {[%emt 00:00:08]} Rf2+ {[%clk 00:03:21]} {[%emt 00:00:10]} 87. Kg1
{[%clk 00:02:00]} {[%emt 00:01:27]} Re2 {[%clk 00:03:13]} {[%emt 00:00:38]} 88.
Kf1 {[%clk 00:01:42]} {[%emt 00:00:48]} Rf2+ {[%clk 00:03:39]} {[%emt
00:00:04]} 89. Kg1 {[%clk 00:02:04]} {[%emt 00:00:08]} Rd2 {[%clk 00:04:05]}
{[%emt 00:00:04]} 90. Ra3+ {[%clk 00:01:44]} {[%emt 00:00:50]} Kg4 {[%clk
00:03:46]} {[%emt 00:00:49]} 91. Kf1 {[%clk 00:01:37]} {[%emt 00:00:37]} Rh2
{[%clk 00:04:10]} {[%emt 00:00:06]} 92. Kg1 {[%clk 00:01:45]} {[%emt 00:00:22]}
Re2 {[%clk 00:04:35]} {[%emt 00:00:05]} 93. Kf1 {[%clk 00:02:09]} {[%emt
00:00:06]} Rh2 {[%clk 00:05:01]} {[%emt 00:00:04]} 94. Kg1 {[%clk 00:02:35]}
{[%emt 00:00:04]} Re2 {[%clk 00:05:27]} {[%emt 00:00:03]} 1/2-1/2

[Event "World Cup 2023"]
[Site "Baku, Azerbaijan"]
[Date "2023.08.02"]
[Round "11.26"]
[White "Guseinov Gadir (AZE)"]
[Black "Bjerre Jonas Buhl (DEN)"]
[Result "1/2-1/2"]
[WhiteFideId "13401378"]
[BlackFideId "1444948"]
[WhiteElo "2661"]
[BlackElo "2624"]

1. e4 {[%clk 01:30:57]} {[%emt 00:00:01]} e5 {[%clk 01:30:52]} {[%emt
00:00:08]} 2. Nf3 {[%clk 01:31:22]} {[%emt 00:00:05]} Nc6 {[%clk 01:31:16]}
{[%emt 00:00:07]} 3. Bc4 {[%clk 01:29:14]} {[%emt 00:02:38]} Bc5 {[%clk
01:30:55]} {[%emt 00:00:50]} 4. c3 {[%clk 01:29:24]} {[%emt 00:00:21]} Nf6
{[%clk 01:30:45]} {[%emt 00:00:40]} 5. d4 {[%clk 01:29:15]} {[%emt 00:00:39]}
exd4 {[%clk 01:30:51]} {[%emt 00:00:24]} 6. cxd4 {[%clk 01:29:31]} {[%emt
00:00:15]} Bb4+ {[%clk 01:31:01]} {[%emt 00:00:19]} 7. Nbd2 {[%clk 01:29:44]}
{[%emt 00:00:17]} Bxd2+ {[%clk 01:27:00]} {[%emt 00:04:31]} 8. Bxd2 {[%clk
01:29:10]} {[%emt 00:01:04]} Nxe4 {[%clk 01:26:14]} {[%emt 00:01:16]} 9. d5
{[%clk 01:28:40]} {[%emt 00:01:01]} Ne7 {[%clk 01:25:45]} {[%emt 00:00:59]} 10.
Bb4 {[%clk 01:24:18]} {[%emt 00:04:52]} d6 {[%clk 01:22:35]} {[%emt 00:03:40]}
11. O-O {[%clk 01:21:27]} {[%emt 00:03:22]} O-O {[%clk 01:22:12]} {[%emt
00:00:52]} 12. Re1 {[%clk 01:21:13]} {[%emt 00:00:44]} Nc5 {[%clk 01:17:57]}
{[%emt 00:04:45]} 13. Qd2 {[%clk 01:09:28]} {[%emt 00:12:15]} c6 {[%clk
00:55:33]} {[%emt 00:22:54]} 14. dxc6 {[%clk 00:55:49]} {[%emt 01:14:21]} Nxc6
{[%clk 00:54:15]} {[%emt 00:01:48]} 15. Ba3 {[%clk 00:54:48]} {[%emt 00:01:30]}
Be6 {[%clk 00:44:43]} {[%emt 00:10:02]} 16. Bf1 {[%clk 00:52:23]} {[%emt
00:02:54]} a5 {[%clk 00:40:50]} {[%emt 00:04:23]} 17. b3 {[%clk 00:51:09]}
{[%emt 00:01:45]} b6 {[%clk 00:35:05]} {[%emt 00:06:15]} 18. Nd4 {[%clk
00:45:18]} {[%emt 00:06:21]} Nxd4 {[%clk 00:33:36]} {[%emt 00:02:00]} 19. Qxd4
{[%clk 00:45:09]} {[%emt 00:00:38]} Rc8 {[%clk 00:31:23]} {[%emt 00:02:43]} 20.
Rac1 {[%clk 00:33:17]} {[%emt 00:12:21]} Qd7 {[%clk 00:28:26]} {[%emt
00:03:27]} 21. Re3 {[%clk 00:24:23]} {[%emt 00:09:25]} f6 {[%clk 00:23:34]}
{[%emt 00:05:22]} 22. h4 {[%clk 00:24:26]} {[%emt 00:00:27]} Bf7 {[%clk
00:22:51]} {[%emt 00:01:13]} 23. Bb2 {[%clk 00:23:09]} {[%emt 00:01:47]} Rfe8
{[%clk 00:20:31]} {[%emt 00:02:50]} 24. Rd1 {[%clk 00:12:24]} {[%emt 00:11:15]}
d5 {[%clk 00:19:18]} {[%emt 00:01:43]} 25. f3 {[%clk 00:10:05]} {[%emt
00:02:48]} Rxe3 {[%clk 00:17:15]} {[%emt 00:02:34]} 26. Qxe3 {[%clk 00:10:30]}
{[%emt 00:00:04]} Qd6 {[%clk 00:16:55]} {[%emt 00:00:50]} 27. Bd4 {[%clk
00:08:59]} {[%emt 00:02:01]} Ne6 {[%clk 00:14:19]} {[%emt 00:03:07]} 28. Ba1
{[%clk 00:07:23]} {[%emt 00:02:05]} Rc2 {[%clk 00:12:38]} {[%emt 00:02:11]} 29.
Rd2 {[%clk 00:04:23]} {[%emt 00:03:30]} Rc8 {[%clk 00:07:39]} {[%emt 00:05:30]}
30. Bb2 {[%clk 00:04:15]} {[%emt 00:00:37]} Rd8 {[%clk 00:07:33]} {[%emt
00:00:36]} 31. Qf2 {[%clk 00:03:31]} {[%emt 00:01:15]} Bg6 {[%clk 00:06:59]}
{[%emt 00:01:04]} 32. Rd1 {[%clk 00:03:11]} {[%emt 00:00:50]} h5 {[%clk
00:06:28]} {[%emt 00:01:01]} 33. Bc4 {[%clk 00:02:16]} {[%emt 00:01:23]} Qc6
{[%clk 00:06:06]} {[%emt 00:00:53]} 34. Bf1 {[%clk 00:02:45]} Kh7 {[%clk
00:06:12]} {[%emt 00:00:26]} 35. Rc1 {[%clk 00:02:22]} {[%emt 00:00:52]} Qd6
{[%clk 00:06:09]} {[%emt 00:00:33]} 36. Bd4 {[%clk 00:02:40]} {[%emt 00:00:12]}
Nxd4 {[%emt 00:02:48]} 37. Qxd4 {[%clk 00:03:09]} Re8 {[%clk 00:03:28]} {[%emt
00:00:53]} 38. Rd1 {[%clk 00:01:05]} {[%emt 00:02:34]} Re5 {[%clk 00:03:15]}
{[%emt 00:00:44]} 39. Kf2 {[%clk 00:00:46]} {[%emt 00:00:48]} Qa3 {[%clk
00:02:16]} {[%emt 00:01:29]} 40. Rd2 {[%clk 00:01:03]} {[%emt 00:00:14]} Qc1
{[%clk 00:01:27]} {[%emt 00:01:18]} 41. Be2 {[%clk 00:24:35]} {[%emt 00:06:58]}
b5 {[%clk 00:21:52]} {[%emt 00:10:06]} 42. b4 {[%clk 00:19:54]} {[%emt
00:05:11]} a4 {[%clk 00:19:07]} {[%emt 00:03:15]} 43. Rd1 {[%clk 00:18:52]}
{[%emt 00:01:32]} Qc6 {[%clk 00:17:06]} {[%emt 00:02:31]} 44. a3 {[%clk
00:09:07]} {[%emt 00:10:16]} Qc2 {[%clk 00:16:16]} {[%emt 00:01:19]} 45. Qd2
{[%clk 00:09:22]} {[%emt 00:00:16]} Qb3 {[%clk 00:11:28]} {[%emt 00:05:18]} 46.
Bxb5 {[%clk 00:09:44]} {[%emt 00:00:08]} Qxa3 {[%clk 00:11:18]} {[%emt
00:00:41]} 47. Bd3 {[%clk 00:09:50]} {[%emt 00:00:23]} Bxd3 {[%clk 00:05:40]}
{[%emt 00:06:08]} 48. Qxd3+ {[%clk 00:10:14]} {[%emt 00:00:06]} Qxd3 {[%clk
00:06:07]} {[%emt 00:00:04]} 49. Rxd3 {[%clk 00:10:40]} {[%emt 00:00:03]} d4
{[%clk 00:05:19]} {[%emt 00:01:18]} 50. Rxd4 {[%clk 00:09:15]} {[%emt
00:01:54]} a3 {[%clk 00:04:10]} {[%emt 00:01:40]} 51. Rd3 {[%clk 00:09:23]}
{[%emt 00:00:21]} Rb5 {[%clk 00:04:18]} {[%emt 00:00:22]} 52. Rxa3 {[%clk
00:09:47]} {[%emt 00:00:07]} Rxb4 {[%clk 00:04:46]} {[%emt 00:00:02]} 1/2-1/2

[Event "World Cup 2023"]
[Site "Baku, Azerbaijan"]
[Date "2023.08.02"]
[Round "11.27"]
[White "Ragger Markus (AUT)"]
[Black "Sindarov Javokhir (UZB)"]
[Result "1/2-1/2"]
[WhiteFideId "1610856"]
[BlackFideId "14205483"]
[WhiteElo "2624"]
[BlackElo "2659"]

1. d4 {[%clk 01:30:58]} {[%emt 00:00:01]} Nf6 {[%clk 01:30:53]} {[%emt
00:00:07]} 2. c4 {[%clk 01:31:24]} {[%emt 00:00:04]} g6 {[%clk 01:31:19]}
{[%emt 00:00:04]} 3. Nc3 {[%clk 01:31:50]} {[%emt 00:00:04]} d5 {[%clk
01:31:46]} {[%emt 00:00:04]} 4. cxd5 {[%clk 01:32:02]} {[%emt 00:00:18]} Nxd5
{[%clk 01:32:11]} {[%emt 00:00:05]} 5. e4 {[%clk 01:32:27]} {[%emt 00:00:04]}
Nxc3 {[%clk 01:32:37]} {[%emt 00:00:05]} 6. bxc3 {[%clk 01:32:53]} {[%emt
00:00:03]} Bg7 {[%clk 01:33:02]} {[%emt 00:00:05]} 7. Nf3 {[%clk 01:33:16]}
{[%emt 00:00:06]} c5 {[%clk 01:33:26]} {[%emt 00:00:07]} 8. Bb5+ {[%clk
01:33:32]} {[%emt 00:00:15]} Nc6 {[%clk 01:33:24]} {[%emt 00:00:32]} 9. O-O
{[%clk 01:33:42]} {[%emt 00:00:19]} O-O {[%clk 01:33:43]} {[%emt 00:00:11]} 10.
Bxc6 {[%clk 01:33:57]} {[%emt 00:00:14]} bxc6 {[%clk 01:34:04]} {[%emt
00:00:10]} 11. Qc2 {[%clk 01:34:23]} {[%emt 00:00:04]} cxd4 {[%clk 01:30:55]}
{[%emt 00:03:39]} 12. cxd4 {[%clk 01:34:33]} {[%emt 00:00:20]} Bg4 {[%clk
01:31:18]} {[%emt 00:00:07]} 13. Ne5 {[%clk 01:34:23]} {[%emt 00:00:39]} Qxd4
{[%clk 01:31:40]} {[%emt 00:00:09]} 14. Bb2 {[%clk 01:34:42]} {[%emt 00:00:10]}
Qb4 {[%clk 01:30:42]} {[%emt 00:01:26]} 15. Rab1 {[%clk 01:33:10]} {[%emt
00:02:04]} Bxe5 {[%clk 01:31:00]} {[%emt 00:00:12]} 16. Bxe5 {[%clk 01:33:37]}
{[%emt 00:00:03]} Qa5 {[%clk 01:31:27]} {[%emt 00:00:04]} 17. Bc3 {[%clk
01:32:05]} {[%emt 00:02:01]} Qc5 {[%clk 01:31:24]} {[%emt 00:00:33]} 18. Qb2
{[%clk 01:31:44]} {[%emt 00:00:51]} a5 {[%clk 01:30:24]} {[%emt 00:01:31]} 19.
Rbc1 {[%clk 01:31:26]} {[%emt 00:00:48]} Qd6 {[%clk 01:23:17]} {[%emt
00:07:36]} 20. f4 {[%clk 00:46:32]} {[%emt 01:45:36]} f6 {[%clk 00:28:34]}
{[%emt 00:55:13]} 21. e5 {[%clk 00:28:33]} {[%emt 00:18:30]} Qc5+ {[%clk
00:22:51]} {[%emt 00:06:08]} 22. Bd4 {[%clk 00:27:05]} {[%emt 00:02:02]} Qb4
{[%clk 00:23:01]} {[%emt 00:00:20]} 23. exf6 {[%clk 00:23:22]} {[%emt
00:04:13]} Qxb2 {[%clk 00:23:03]} {[%emt 00:00:28]} 24. Bxb2 {[%clk 00:23:50]}
{[%emt 00:00:02]} exf6 {[%clk 00:23:28]} {[%emt 00:00:05]} 25. Rxc6 {[%clk
00:24:07]} {[%emt 00:00:13]} Rac8 {[%clk 00:21:12]} {[%emt 00:02:46]} 26. Rfc1
{[%clk 00:22:43]} {[%emt 00:01:53]} Rfe8 {[%clk 00:18:59]} {[%emt 00:02:44]} 27.
Rxc8 {[%clk 00:16:40]} {[%emt 00:06:33]} Rxc8 {[%clk 00:19:15]} {[%emt
00:00:14]} 28. Rxc8+ {[%clk 00:17:05]} {[%emt 00:00:05]} Bxc8 {[%clk 00:19:42]}
{[%emt 00:00:02]} 29. Bxf6 {[%clk 00:17:30]} {[%emt 00:00:05]} Be6 {[%clk
00:20:08]} {[%emt 00:00:05]} 30. a4 {[%clk 00:17:30]} {[%emt 00:00:30]} Bd7
{[%clk 00:20:32]} {[%emt 00:00:06]} 1/2-1/2